LEADER 01205nam0-22003731--450- 001 990008730550403321 005 20130207090723.0 020 $aIT$b807794 035 $a000873055 035 $aFED01000873055 035 $a(Aleph)000873055FED01 035 $a000873055 100 $a20081010g19799999km-y0itay50------ba 101 0 $aita 102 $aIT 105 $ay-------001yy 200 1 $aAnnali dell' Istituto Alcide Cervi$fIstituto Alcide Cervi per la storia del movimento contadino e dell'agricoltura, dell'antifascismo e della Resistenza nelle campagne 210 $aBologna$cIl mulino$dc1979- 215 $av.$d24 cm 300 $aAnnuale 327 0 $a12/1990$a13/1991 676 $a331.8809$v20$zita 712 02$aIstituto Alcide Cervi per la storia della Resistenza nelle campagne, del movimento contadino e dell'agricoltura 801 0$aIT$bUNINA$gRICA$2UNIMARC 901 $aBK 912 $a990008730550403321 952 $aIX A 898$b25290$fFSPBC 952 $aIX A 899$b25291$fFSPBC 952 $aSDI-KT 491 I$b2528$fSDI 952 $aSDI-KT 491 II$b2529$fSDI 959 $aSDI 959 $aFSPBC 996 $aAnnali dell' Istituto Alcide Cervi$9720475 997 $aUNINA LEADER 01037nam a2200265 i 4500 001 991003083179707536 005 20020509111848.0 008 011031s1968 it ||| | ita 035 $ab11106232-39ule_inst 035 $aPARLA174766$9ExL 040 $aDip.to Scienze Storiche Fil. e Geogr.$bita 082 0 $a945.182 100 1 $aCostamagna, Giorgio$0206711 245 10$aGenova :$bComune (secolo 9.-1528), Repubblica aristocratica (1528-1798), Repubblica ligure (1798-1805) 260 $aMilano :$bGiuffre,$c1968 300 $a26 p. ;$c28 cm. 490 0 $aActa Italica ;$v7 500 $aA cura della 5. Commissione territoriale della FISA, Genova. - Redazione di G. Costamagna. 650 4$aGenova$xStoria$ySec. 9.-1805$xFonti 907 $a.b11106232$b23-02-17$c28-06-02 912 $a991003083179707536 945 $aLE009 STOR.33.1-7$g1$i2009000149908$lle009$o-$pE0.00$q-$rl$s- $t0$u0$v0$w0$x0$y.i11241093$z28-06-02 996 $aGenova$9857620 997 $aUNISALENTO 998 $ale009$b01-01-01$cm$da $e-$fita$git $h0$i1